| 000 | 00741cam a22002535i 4500 | ||
|---|---|---|---|
| 999 |
_c7689 _d7689 |
||
| 001 | 991060921747406706 | ||
| 003 | OSt | ||
| 005 | 20230329120234.0 | ||
| 008 | 230301s2023 spc|||||-|||||0|| 0-cat|c | ||
| 017 |
_aDL B 1583-2023 _bBiblioteca de Catalunya |
||
| 020 | _a9788419571069 | ||
| 040 |
_aES-BaUAB _bcat _erda _cCDMR |
||
| 100 | 1 | _aMicó, Josep Lluís, | |
| 245 | 1 | 3 |
_aLa profunditat de les butxaques / _cJosep Lluís Micó ; pròleg de Judith Colell |
| 264 | 1 |
_aBarcelona : _bSaldonar , _c2023 |
|
| 300 |
_a225 pàgines ; _c21 cm |
||
| 490 | 0 | _aContrastos | |
| 650 | 0 |
_9797 _aReportatges literaris |
|
| 700 | 1 | _aColell, Judith, | |
| 830 | 1 | _aContrastos (Edicions Saldonar) | |
| 908 | _aUAB | ||
| 940 | _aUAB | ||
| 942 |
_2udc _cMON |
||